Analýza komplexného využitia drevnej hmoty v SR

Guardado en:
Detalles Bibliográficos
Autor principal: Ilavský, Michal
Formato: Libro
Lenguaje:eslovaco
inglés
Publicado: Bratislava Prognostický ústav SAV 1991
Edición:1. vyd.
Colección:Otvorená séria Č.3
Materias:
Etiquetas: Agregar Etiqueta
Sin Etiquetas, Sea el primero en etiquetar este registro!

MARC

LEADER 00000nam a2200000 4500
001 c013209
005 20221128072517.9
041 0 |a slo 
041 0 |a eng 
044 |a SK 
245 1 0 |a Analýza komplexného využitia drevnej hmoty v SR  |c Michal Ilavský 
250 |a 1. vyd. 
264 1 |a Bratislava  |b Prognostický ústav SAV  |c 1991 
300 |a 54 s. 
490 1 |a Otvorená séria  |v Č.3 
830 0 |a Otvorená séria  |v Č.3 
610 2 0 |a drevo 
610 2 0 |a hospodárstvo lesné 
610 2 0 |a Slovensko 
610 2 0 |a štúdie 
100 1 |a Ilavský, Michal